01035 2200313 4500035002000000001002100020005001800041006001900059007000300078008004100081020002300122040002000145082002500165090003200190090002300222100003100245245008800276260003500364300004400399650003200443659000900475700002800484850001300512900003000525902010600555990002200661990001800683999002000701 a0010-0818000786INLIS00000000030434520110802110855.55a g l 000 0 ta110802s2011 jki g l 000 0 ind  a 978-979-709-547-5 a JKPNPNA b ind042 [21]a R 629.130 3  a CB-D.9 2011-7597/1772-2012 a R 629.130 3 SIN a0 a Singgih Handoyo, d 1961-10a Aviapedia : b ensiklopedia umum penerbangan / c Singgih Handoyo dan Dudi Sudibyo a Jakarta : b Kompas, c 2011. a 250 hlm. : b ilus berwarna; c 21 cm. 4a Penerbangan v Ensiklopedi a DNR0 a Dudi Sudibyo, d 1944- a JKPNPNA a 00716nbm**2200012*a*4500 a 130792383:21-MAR-12*131960301:30-APR-12*131960301:30-APR-12*131960301:30-APR-12*760000243:31-MAY-13* a 1263 /PN-LT/2011 a 2241/PN/2011 a 1772/DM/D/2012